000 01228nam a22003378a 4500
001 016081857
003 OSt
005 20141102123851.0
008 120501t2013 xxua frf 001 0 eng d
020 _a9780323084819 (pbk.)
020 _a0323084818 (pbk.)
040 _aStDuBDS
_beng
_cStDuBDS
_dEG-ScBUE
082 0 0 _a615.855
_222
_bGAH
100 1 _aGahart, Betty L.
_936397
245 1 0 _aIntravenous medications :
_ba handbook for nurses and health professionals /
_cBetty L. Gahart, Adrienne R. Nazareno.
246 3 _aTwenty thirteen intravenous medications
246 3 _aTwo thousand and thirteen intravenous medications
246 3 4 _a2013 intravenous medications
250 _a29th ed.
260 _aSt. Louis, United States :
_bElsevier Mosby,
_cc.2013.
300 _axxv, 1252 p. :
_btables ;
_c23 cm.
500 _aIndex : p. 1229-1252.
500 _aIncludes appendixes.
500 _aThe #1 IV drug reference for nearly 40 years.
650 0 _aIntravenous therapy
_927234
_vHandbooks, manuals, etc.
650 0 _aPharmacopoeias
_936399
_vHandbooks, manuals, etc.
653 _bNNUR
_cNovember2014
655 _vreading book
_934232
700 1 _aNazareno, Adrienne R.
_936398
942 _2ddc
_k615.855 GAH
999 _c18530
_d18502